<?xml version="1.0" encoding="UTF-8"?>
<collection xmlns="http://www.loc.gov/MARC21/slim">
 <record>
  <leader>01529nam a22002177a 4500</leader>
  <controlfield tag="001">NCT_4_019340</controlfield>
  <controlfield tag="008">250513b        xxu||||| |||| 00| 0 vie d</controlfield>
  <datafield tag="999" ind1=" " ind2=" ">
   <subfield code="c">8940</subfield>
   <subfield code="d">8940</subfield>
  </datafield>
  <datafield tag="020" ind1=" " ind2=" ">
   <subfield code="a">9786044790640</subfield>
   <subfield code="c">80000</subfield>
  </datafield>
  <datafield tag="082" ind1="0" ind2="4">
   <subfield code="2">23rd ed.</subfield>
   <subfield code="a">616.079</subfield>
   <subfield code="b">H309</subfield>
  </datafield>
  <datafield tag="100" ind1="1" ind2=" ">
   <subfield code="a">Trần Văn Hiếu</subfield>
  </datafield>
  <datafield tag="245" ind1="1" ind2="0">
   <subfield code="a">Miễn dịch học : </subfield>
   <subfield code="b">Chức năng và các bất thường của hệ miễn dịch</subfield>
   <subfield code="c">Trần Văn Hiếu </subfield>
  </datafield>
  <datafield tag="260" ind1=" " ind2=" ">
   <subfield code="a">Tp. Hồ Chí Minh</subfield>
   <subfield code="b">Đại học Quốc gia Tp. Hồ Chí Minh</subfield>
   <subfield code="c">2023</subfield>
  </datafield>
  <datafield tag="300" ind1=" " ind2=" ">
   <subfield code="a">416 tr.</subfield>
   <subfield code="b">Minh họa</subfield>
   <subfield code="c">21 cm </subfield>
  </datafield>
  <datafield tag="500" ind1=" " ind2=" ">
   <subfield code="a">ĐTTS ghi: Đại học Quốc gia Tp. Hồ Chí Minh. Trường Đại học Khoa học Tự nhiên</subfield>
  </datafield>
  <datafield tag="520" ind1="3" ind2=" ">
   <subfield code="a">Cuốn sách Miễn dịch học chức năng và các bất thường của hệ miễn dịch được viết nhầm mục đích giới thiệu về khái niệm và chức nặng của hệ miễn dịch, sách gồm 12 chương nói về các cơ chế, đáp ứng, dung nạp, suy giảm và các bệnh quá mẫn của hệ miễn dịch</subfield>
  </datafield>
  <datafield tag="653" ind1=" " ind2=" ">
   <subfield code="a">Y đa khoa </subfield>
  </datafield>
  <datafield tag="942" ind1=" " ind2=" ">
   <subfield code="2">ddc</subfield>
   <subfield code="c">BK</subfield>
  </datafield>
  <datafield tag="952" ind1=" " ind2=" ">
   <subfield code="0">0</subfield>
   <subfield code="1">0</subfield>
   <subfield code="2">ddc</subfield>
   <subfield code="4">0</subfield>
   <subfield code="6">616_079000000000000_H309</subfield>
   <subfield code="7">0</subfield>
   <subfield code="9">30660</subfield>
   <subfield code="a">000001</subfield>
   <subfield code="b">000001</subfield>
   <subfield code="d">2025-05-13</subfield>
   <subfield code="o">616.079 H309</subfield>
   <subfield code="p">MD.23848</subfield>
   <subfield code="r">2025-05-13</subfield>
   <subfield code="v">80000.00</subfield>
   <subfield code="w">2025-05-13</subfield>
   <subfield code="y">BK</subfield>
  </datafield>
  <datafield tag="952" ind1=" " ind2=" ">
   <subfield code="0">0</subfield>
   <subfield code="1">0</subfield>
   <subfield code="2">ddc</subfield>
   <subfield code="4">0</subfield>
   <subfield code="6">616_079000000000000_H309</subfield>
   <subfield code="7">0</subfield>
   <subfield code="9">30661</subfield>
   <subfield code="a">000001</subfield>
   <subfield code="b">000001</subfield>
   <subfield code="d">2025-05-13</subfield>
   <subfield code="o">616.079 H309</subfield>
   <subfield code="p">MD.23849</subfield>
   <subfield code="r">2025-05-13</subfield>
   <subfield code="v">80000.00</subfield>
   <subfield code="w">2025-05-13</subfield>
   <subfield code="y">BK</subfield>
  </datafield>
  <datafield tag="980" ind1=" " ind2=" ">
   <subfield code="a">Thư viện Trường Đại học Nam Cần Thơ</subfield>
  </datafield>
 </record>
</collection>
